000 00736nam a2200253 a 4500
001 24439
003 CO-ViMGA
008 141112s2004 ck r 000 u spa d
020 _a8433966715
040 _aCO-ViMGA
_bspa
_cCO-ViMGA
041 _aSPA
090 _aN ROY1
100 1 _aRoy, Arundhati
_936127
245 1 0 _aEl dios de las pequeñas cosas /
_cArundhati Roy ; traducción de Cecilia Ceriani y Txaro Santoro
250 _a9a ed.
260 _aBarcelona :
_bAnagrama,
_c2005
300 _a382 p.
490 _aCompactos
650 1 4 _aAUTORES INDIOS
_936128
650 1 4 _aCONFLICTO ENTRE GENERACIONES
_936129
650 1 4 _aFAMILIA - NOVELA
_92125
700 1 _aSantoro, Txaro Ceriani, Cecilia
_936130
942 _2ddc
_cBK
999 _c2966
_d2966